[Event "Crewe Open"]
[Site "Crewe"]
[Date "2025.06.29"]
[Round "4.19"]
[White "Burnett, James"]
[Black "Ashton, Alannah"]
[Result "1/2-1/2"]
[WhiteElo "2080"]
[BlackElo "1846"]
[PlyCount "100"]
[EventDate "2025.06.27"]
[EventType "swiss"]
[EventRounds "5"]
[EventCountry "ENG"]
[SourceTitle "BritBase"]
[Source "John Saunders"]
[SourceDate "2025.07.10"]
[SourceVersion "1"]
[SourceVersionDate "2025.07.10"]
[SourceQuality "1"]

1. d4 Nf6 2. c4 g6 3. Nc3 d5 4. cxd5 Nxd5 5. e4 Nxc3 6. bxc3 c5 7. Be3 Bg7 8. Rc1 Qa5 9. Qd2 cxd4 10. cxd4 Qxd2+ 11. Kxd2 O-O 12. Bb5 Nc6 13. d5 Ne5 14. h3 f5 15. f4 Nf7 16. e5 Rd8 17. Ke2 Rxd5 18. Bc4 Rd8 19. Nf3 Kf8 20. Nd4 a6 21. Bb3 Nxe5 22. fxe5 Bxe5 23. Nf3 Bf6 24. Rc7 Kg7 25. Rd1 Rxd1 26. Kxd1 h6 27. h4 a5 28. a4 b6 29. Bc4 Ba6 30. Bxa6 Rxa6 31. Rb7 Ra8 32. Bxb6 g5 33. hxg5 hxg5 34. Nd4 Kg6 35. Nc6 e5 36. Bxa5 f4 37. Rb4 Kf5 38. Bb6 g4 39. Ke2 Rh8 40. a5 Rh2 41. Kf1 f3 42. Ra4 Bh4 43. Ra2 e4 44. Bg1 Rh1 45. gxf3 gxf3 46. Nd4+ Ke5 47. Nxf3+ exf3 48. Rh2 Rxh2 49. Bxh2+ Kd5 50. a6 Kc6 1/2-1/2

[Event "Crewe Open"]
[Site "Crewe"]
[Date "2025.06.29"]
[Round "4.21"]
[White "Turner, Lewis A"]
[Black "Ellson, Louie"]
[Result "1-0"]
[WhiteElo "1996"]
[BlackElo "1855"]
[PlyCount "49"]
[EventDate "2025.06.27"]
[EventType "swiss"]
[EventRounds "5"]
[EventCountry "ENG"]
[SourceTitle "BritBase"]
[Source "John Saunders"]
[SourceDate "2025.07.10"]
[SourceVersion "1"]
[SourceVersionDate "2025.07.10"]
[SourceQuality "1"]

1. e4 c6 2. d4 d5 3. Nc3 dxe4 4. Nxe4 Nf6 5. Nxf6+ exf6 6. c3 Bd6 7. Bd3 O-O 8. Qc2 h5 9. Be3 Nd7 10. O-O-O Re8 11. Nf3 b5 12. d5 cxd5 13. Bh7+ Kf8 14. Rxd5 Nb6 15. Rxh5 Nc4 16. Bd4 Qa5 17. Be4 Rb8 18. Bc6 Rd8 19. Re1 Be6 20. Rxe6 fxe6 21. Qg6 Bf4+ 22. Kb1 Rxd4 23. Rh8+ Ke7 24. Qxg7+ Kd6 25. Qd7+ 1-0

[Event "Crewe Open"]
[Site "Crewe"]
[Date "2025.06.29"]
[Round "4.22"]
[White "Bennett, Patrick"]
[Black "Woozeer, Seth"]
[Result "0-1"]
[WhiteElo "1970"]
[BlackElo "1711"]
[PlyCount "78"]
[EventDate "2025.06.27"]
[EventType "swiss"]
[EventRounds "5"]
[EventCountry "ENG"]
[SourceTitle "BritBase"]
[Source "John Saunders"]
[SourceDate "2025.07.10"]
[SourceVersion "1"]
[SourceVersionDate "2025.07.10"]
[SourceQuality "1"]

1. d4 Nf6 2. Nf3 g6 3. c4 Bg7 4. Nc3 O-O 5. e4 d6 6. Bg5 h6 7. Bh4 c5 8. d5 Bg4 9. Be2 Nbd7 10. Nd2 Bxe2 11. Qxe2 a6 12. O-O Re8 13. f4 Nh7 14. Nf3 Nhf8 15. Kh1 Bxc3 16. bxc3 Qa5 17. Qd2 b5 18. f5 Kg7 19. Qf4 Qxc3 20. Rac1 Qb2 21. Rb1 Qe2 22. Ng1 Qxc4 23. fxg6 f6 24. Rf3 Qxa2 25. Rbf1 Qb2 26. Rg3 a5 27. Nf3 a4 28. Bg5 hxg5 29. Rxg5 fxg5 30. Qf7+ Kh8 31. e5 Nxg6 32. Qxg6 Nxe5 33. Qh6+ Kg8 34. Qxg5+ Ng6 35. Nd4 Qxd4 36. Qxg6+ Qg7 37. Qe6+ Kh8 38. Qh3+ Qh7 39. Qc3+ Kg8 0-1

[Event "Crewe Open"]
[Site "Crewe"]
[Date "2025.06.29"]
[Round "4.23"]
[White "Zachariassen, Bjarne"]
[Black "James, Lucas"]
[Result "1/2-1/2"]
[WhiteElo "1945"]
[BlackElo "1695"]
[PlyCount "58"]
[EventDate "2025.06.27"]
[EventType "swiss"]
[EventRounds "5"]
[EventCountry "ENG"]
[SourceTitle "BritBase"]
[Source "John Saunders"]
[SourceDate "2025.07.10"]
[SourceVersion "1"]
[SourceVersionDate "2025.07.10"]
[SourceQuality "1"]

1. e4 c5 2. Nf3 d6 3. c3 Nf6 4. Be2 Nc6 5. d4 cxd4 6. cxd4 Nxe4 7. d5 Ne5 8. Qa4+ Bd7 9. Qxe4 g6 10. Nxe5 dxe5 11. Qxe5 Rg8 12. Nc3 Bg7 13. Qe3 Rc8 14. O-O Qc7 15. Bd2 Kf8 16. Rac1 Be5 17. h3 Kg7 18. Nb5 Qb8 19. Bc3 Bxc3 20. Rxc3 Bxb5 21. Bxb5 Qd6 22. Rfc1 Rxc3 23. Qxc3+ f6 24. Qc5 Qe5 25. Qc3 Qd6 26. Be2 Rd8 27. Bf3 Rd7 28. b4 b6 29. g3 Qb8 1/2-1/2

[Event "Crewe Open"]
[Site "Crewe"]
[Date "2025.06.29"]
[Round "4.26"]
[White "Sullivan, Daniel"]
[Black "Rughani, Mahin"]
[Result "1-0"]
[WhiteElo "1909"]
[BlackElo "1854"]
[PlyCount "57"]
[EventDate "2025.06.27"]
[EventType "swiss"]
[EventRounds "5"]
[EventCountry "ENG"]
[SourceTitle "BritBase"]
[Source "John Saunders"]
[SourceDate "2025.07.10"]
[SourceVersion "1"]
[SourceVersionDate "2025.07.10"]
[SourceQuality "1"]

1. c4 e6 2. Nf3 d5 3. g3 Nf6 4. Bg2 Be7 5. O-O O-O 6. d4 dxc4 7. Qc2 b5 8. a4 Bb7 9. axb5 a6 10. bxa6 Nxa6 11. Qxc4 Bd5 12. Qc3 c5 13. Be3 Ne4 14. Qe1 Nb4 15. Nc3 Nc2 16. Rxa8 Qxa8 17. Qc1 Nxe3 18. Qxe3 cxd4 19. Qxd4 Bc5 20. Qd1 Nxc3 21. bxc3 Rc8 22. Ne1 Bxg2 23. Nxg2 Be7 24. Qd3 Qd5 25. Qxd5 exd5 26. Nf4 Rc5 27. Rd1 Bf6 28. Nxd5 Bxc3 29. Nxc3 1-0

[Event "Crewe Open"]
[Site "Crewe"]
[Date "2025.06.27"]
[Round "5.1"]
[White "Carroll, Thomas"]
[Black "Ashton, Adam G"]
[Result "1/2-1/2"]
[WhiteElo "2131"]
[BlackElo "2276"]
[PlyCount "83"]
[EventDate "2025.06.27"]
[EventType "swiss"]
[EventRounds "5"]
[EventCountry "ENG"]
[SourceTitle "BritBase"]
[Source "John Saunders"]
[SourceDate "2025.07.10"]
[SourceVersion "1"]
[SourceVersionDate "2025.07.10"]
[SourceQuality "1"]

1. d4 d5 2. c4 e6 3. Nc3 Nf6 4. cxd5 exd5 5. Bg5 c6 6. e3 Be7 7. Bd3 Nbd7 8. Nge2 O-O 9. Qc2 Re8 10. O-O Nf8 11. f3 Be6 12. Rad1 Rc8 13. Kh1 b5 14. a3 a6 15. Nf4 Bd7 16. Bh4 Ng6 17. Nxg6 hxg6 18. Rfe1 Be6 19. Qb1 Qb6 20. Ne2 Ng4 21. Bxe7 Nf2+ 22. Kg1 Nxd3 23. Qxd3 Rxe7 24. Nf4 Bf5 25. Qc3 Rce8 26. Kf2 g5 27. Nh5 Bg6 28. Ng3 Re6 29. Rc1 Qd8 30. Qd2 Qe7 31. Rc3 f5 32. Rec1 Qf6 33. f4 R8e7 34. Kg1 gxf4 35. exf4 Be8 36. R3c2 Re3 37. Rd1 Bd7 38. Qf2 Qe6 39. Kf1 Qh6 40. Kg1 Qe6 41. Kf1 Qh6 42. Kg1 1/2-1/2

[Event "Crewe Open"]
[Site "Crewe"]
[Date "2025.06.29"]
[Round "5.2"]
[White "Boswell, Jacob Connor"]
[Black "Vaidyanathan, Adithya"]
[Result "1-0"]
[WhiteElo "2252"]
[BlackElo "2111"]
[PlyCount "95"]
[EventDate "2025.06.27"]
[EventType "swiss"]
[EventRounds "5"]
[EventCountry "ENG"]
[SourceTitle "BritBase"]
[Source "John Saunders"]
[SourceDate "2025.07.10"]
[SourceVersion "1"]
[SourceVersionDate "2025.07.10"]
[SourceQuality "1"]

1. e4 c5 2. Nf3 Nc6 3. d4 cxd4 4. Nxd4 Nf6 5. Nc3 d6 6. Bg5 e6 7. Qd2 a6 8. O-O-O Bd7 9. f3 Nxd4 10. Qxd4 b5 11. Kb1 Be7 12. h4 Qc7 13. g4 Rc8 14. Ka1 h6 15. Be3 Bc6 16. Bh3 d5 17. exd5 Bxd5 18. Nxd5 Nxd5 19. g5 Nxe3 20. Qxe3 hxg5 21. hxg5 Qxc2 22. Bf5 Qxf5 23. Rxh8+ Bf8 24. a3 Qc5 25. Qxc5 Rxc5 26. Rd6 Rxg5 27. Rxa6 Rf5 28. Ra8+ Ke7 29. Ra7+ Ke8 30. Ra8+ Ke7 31. Rhxf8 Rxf3 32. Rae8+ Kf6 33. Rb8 g5 34. Rg8 Rf5 35. Kb1 e5 36. Rb6+ Ke7 37. Rxb5 Rf1+ 38. Kc2 Kf6 39. a4 Kf5 40. a5 Kf4 41. a6 Ra1 42. Rb7 Rxa6 43. Rxf7+ Kg4 44. Rfg7 Rc6+ 45. Kd3 Rb6 46. Rxg5+ Kf4 47. Rg4+ Kf5 48. R8g5+ 1-0

[Event "Crewe Open"]
[Site "Crewe"]
[Date "2025.06.29"]
[Round "5.3"]
[White "Gomez, Daniel"]
[Black "Blackburn, Jonathan LB"]
[Result "0-1"]
[WhiteElo "2009"]
[BlackElo "2207"]
[PlyCount "80"]
[EventDate "2025.06.27"]
[EventType "swiss"]
[EventRounds "5"]
[EventCountry "ENG"]
[SourceTitle "BritBase"]
[Source "John Saunders"]
[SourceDate "2025.07.10"]
[SourceVersion "1"]
[SourceVersionDate "2025.07.10"]
[SourceQuality "1"]

1. e4 e6 2. d4 d5 3. Nc3 Bb4 4. e5 c5 5. a3 Bxc3+ 6. bxc3 Ne7 7. Qg4 cxd4 8. Qxg7 Rg8 9. Qxh7 Qc7 10. Qd3 dxc3 11. Nf3 Bd7 12. Bg5 Rxg5 13. Nxg5 Qxe5+ 14. Qe3 Qxe3+ 15. fxe3 f6 16. Nf3 Nf5 17. Kf2 Nc6 18. Bd3 Nd6 19. Rae1 f5 20. h4 e5 21. Ng5 Ke7 22. Rb1 Na5 23. Rhd1 Ba4 24. Rdc1 b5 25. Be2 Nac4 26. Ra1 Rh8 27. g3 Nd2 28. Bf3 N6e4+ 29. Nxe4 fxe4 30. Be2 d4 31. exd4 exd4 32. Kg2 a5 33. Kh3 Rf8 34. Kg2 Nc4 35. Bxc4 bxc4 36. Rab1 e3 37. h5 Rf2+ 38. Kh3 Bxc2 39. Rb7+ Kf8 40. h6 Kg8 0-1

[Event "Crewe Open"]
[Site "Crewe"]
[Date "2025.06.29"]
[Round "5.4"]
[White "Chan, Sheng Liang Bernard"]
[Black "Van Kemenade, Rudy"]
[Result "1-0"]
[WhiteElo "2099"]
[BlackElo "1926"]
[PlyCount "97"]
[EventDate "2025.06.27"]
[EventType "swiss"]
[EventRounds "5"]
[EventCountry "ENG"]
[SourceTitle "BritBase"]
[Source "John Saunders"]
[SourceDate "2025.07.10"]
[SourceVersion "1"]
[SourceVersionDate "2025.07.10"]
[SourceQuality "1"]

1. d4 Nf6 2. c4 e5 3. dxe5 Ng4 4. e4 h5 5. Be2 Nc6 6. h3 Ngxe5 7. Be3 Qh4 8. Nc3 Bb4 9. Qc2 Bxc3+ 10. bxc3 Qe7 11. f4 Qh4+ 12. Kf1 Ng6 13. Nf3 Qe7 14. Kf2 d6 15. Rab1 b6 16. Rhd1 O-O 17. Rb5 f5 18. exf5 Nh4 19. f6 Qxf6 20. Rxh5 Nf5 21. g4 Nxe3 22. Qh7+ Kf7 23. Kxe3 Re8+ 24. Kd3 Bd7 25. Ng5+ Ke7 26. Ne4 Qxf4 27. Qxg7+ Kd8 28. Qf6+ Qxf6 29. Nxf6 Ne5+ 30. Kd2 Rf8 31. Nxd7 Kxd7 32. Rf1 Rxf1 33. Bxf1 Rf8 34. Be2 Rf4 35. Ke3 Rf7 36. h4 Ng6 37. Bd3 Re7+ 38. Kd2 Ne5 39. Be2 Ng6 40. Rh6 Nf4 41. Bd3 Rg7 42. g5 Ke7 43. Ke3 Ne6 44. Bf5 Nf8 45. Kf4 Kf7 46. h5 Ke7 47. Rh8 a5 48. g6 Kf6 49. Rxf8+ 1-0

[Event "Crewe Open"]
[Site "Crewe"]
[Date "2025.06.29"]
[Round "5.5"]
[White "Wareing, John P"]
[Black "Pilley, Jack"]
[Result "0-1"]
[WhiteElo "1914"]
[BlackElo "2016"]
[PlyCount "112"]
[EventDate "2025.06.27"]
[EventType "swiss"]
[EventRounds "5"]
[EventCountry "ENG"]
[SourceTitle "BritBase"]
[Source "John Saunders"]
[SourceDate "2025.07.10"]
[SourceVersion "1"]
[SourceVersionDate "2025.07.10"]
[SourceQuality "1"]

1. e4 c6 2. d4 d5 3. f3 Qb6 4. Nc3 dxe4 5. fxe4 e5 6. Nf3 exd4 7. Qxd4 Qxd4 8. Nxd4 Bc5 9. Be3 Nf6 10. O-O-O O-O 11. Be2 Re8 12. Bf3 Nbd7 13. Rhe1 h6 14. Nf5 Bxe3+ 15. Rxe3 Ne5 16. Nd6 Re7 17. b3 Be6 18. h3 g6 19. Na4 b6 20. c4 Rd8 21. c5 Red7 22. Re2 Kf8 23. Red2 Ke7 24. b4 b5 25. Nc3 a5 26. bxa5 Ra8 27. a6 Rxa6 28. Be2 Ra3 29. Kb2 b4 30. Nd5+ cxd5 31. exd5 Bxd5 32. Rxd5 Nxd5 33. Rxd5 Ke6 34. Rd4 Rda7 35. Re4 Rxa2+ 36. Kb3 Kd5 37. Bc4+ Nxc4 38. Rxc4 R7a3+ 39. Kxb4 Ra4+ 40. Kb5 Ra5+ 41. Kb6 Ra6+ 42. Kc7 Rc6+ 43. Kd7 Ra7+ 44. Ke8 f5 45. Rc1 Rcc7 46. Kf8 Ra8+ 47. Ne8 Ke5 48. Re1+ Kf4 49. Re6 g5 50. c6 h5 51. Rh6 h4 52. Rd6 Rac8 53. Rd1 Rxc6 54. Rf1+ Kg3 55. Rxf5 Re6 56. Rxg5+ Kh2 0-1

[Event "Crewe Open"]
[Site "Crewe"]
[Date "2025.06.29"]
[Round "5.6"]
[White "Varley, Joe"]
[Black "Mitchell, Martin"]
[Result "1-0"]
[WhiteElo "2018"]
[BlackElo "2139"]
[PlyCount "53"]
[EventDate "2025.06.27"]
[EventType "swiss"]
[EventRounds "5"]
[EventCountry "ENG"]
[SourceTitle "BritBase"]
[Source "John Saunders"]
[SourceDate "2025.07.10"]
[SourceVersion "1"]
[SourceVersionDate "2025.07.10"]
[SourceQuality "1"]

1. e4 d6 2. d4 Nf6 3. Nc3 g6 4. Bg5 c6 5. Qd2 Nbd7 6. O-O-O Qa5 7. a3 b5 8. Re1 h6 9. Bh4 g5 10. Bg3 Nh5 11. e5 Nxg3 12. hxg3 dxe5 13. dxe5 Bg7 14. f4 gxf4 15. gxf4 Nc5 16. Nf3 Qb6 17. Nd4 a5 18. Nxc6 Bd7 19. Nxe7 b4 20. Ncd5 Qb7 21. Nf6+ Bxf6 22. exf6 bxa3 23. bxa3 Be6 24. Qd6 Na4 25. Qd4 Rb8 26. Qxa4+ Kf8 27. Qd4 1-0

[Event "Crewe Open"]
[Site "Crewe"]
[Date "2025.06.29"]
[Round "5.8"]
[White "Potter, John M"]
[Black "Surtees, Michael J"]
[Result "1-0"]
[WhiteElo "2007"]
[BlackElo "2100"]
[PlyCount "79"]
[EventDate "2025.06.27"]
[EventType "swiss"]
[EventRounds "5"]
[EventCountry "ENG"]
[SourceTitle "BritBase"]
[Source "John Saunders"]
[SourceDate "2025.07.10"]
[SourceVersion "1"]
[SourceVersionDate "2025.07.10"]
[SourceQuality "1"]

1. e4 d6 2. d4 g6 3. Nc3 a6 4. h4 Nf6 5. Bg5 Nbd7 6. Nf3 e6 7. h5 Be7 8. hxg6 fxg6 9. Bh6 Bf8 10. Qd2 b5 11. a3 Qe7 12. Bg5 Qf7 13. e5 Nd5 14. Nxd5 exd5 15. O-O-O dxe5 16. dxe5 Qe6 17. Nd4 Qb6 18. e6 Nc5 19. Qf4 Nxe6 20. Nxe6 Qxe6 21. Bxb5+ axb5 22. Rhe1 Bg7 23. Rxe6+ Bxe6 24. Re1 Kd7 25. Qb4 Rae8 26. Qxb5+ Kc8 27. Qc6 Bf7 28. Rxe8+ Rxe8 29. Bf4 Be5 30. Bxe5 Rxe5 31. Kd2 Re6 32. Qa8+ Kd7 33. Qa4+ Ke7 34. Qh4+ Rf6 35. a4 h5 36. a5 d4 37. Qg5 Be6 38. a6 Bc8 39. a7 Bb7 40. Qe5+ 1-0

[Event "Crewe Open"]
[Site "Crewe"]
[Date "2025.06.29"]
[Round "5.9"]
[White "Vaddhireddy, Sai"]
[Black "Zak, Kamil"]
[Result "1-0"]
[WhiteElo "1946"]
[BlackElo "2090"]
[PlyCount "97"]
[EventDate "2025.06.27"]
[EventType "swiss"]
[EventRounds "5"]
[EventCountry "ENG"]
[SourceTitle "BritBase"]
[Source "John Saunders"]
[SourceDate "2025.07.10"]
[SourceVersion "1"]
[SourceVersionDate "2025.07.10"]
[SourceQuality "1"]

1. d4 d5 2. c4 c6 3. cxd5 cxd5 4. Bf4 Qb6 5. Nc3 Nf6 6. e3 a6 7. Bd3 Nc6 8. Nge2 Nb4 9. Bb1 Nc6 10. Bd3 Nb4 11. Bb1 Nc6 12. Qd2 e6 13. h3 Bd7 14. O-O Rc8 15. Na4 Qa7 16. Rc1 Bb4 17. Qd1 Be7 18. Nc5 b6 19. Nxd7 Nxd7 20. e4 O-O 21. Nc3 Nf6 22. exd5 exd5 23. Bf5 Rcd8 24. Ne2 Qb7 25. Rc2 Bd6 26. Bg5 Ne7 27. Bxf6 gxf6 28. Bd3 Kh8 29. Qd2 Rg8 30. Qh6 Ng6 31. Ng3 Bf4 32. Qh5 Rc8 33. Qf5 Bg5 34. Re2 Rge8 35. Rae1 Qc6 36. Bc2 Kg7 37. f4 Bh4 38. Nh5+ Kf8 39. g3 Rxe2 40. Rxe2 Qc4 41. gxh4 Qxe2 42. Qxc8+ Ke7 43. Qc7+ Ke8 44. Qc6+ Ke7 45. Qc7+ Ke8 46. Nxf6+ Kf8 47. Qd8+ Kg7 48. Ne8+ Kf8 49. Nd6+ 1-0

[Event "Crewe Open"]
[Site "Crewe"]
[Date "2025.06.29"]
[Round "5.10"]
[White "Arnott, Jonathan W"]
[Black "Barwick, Carmel"]
[Result "1/2-1/2"]
[WhiteElo "2059"]
[BlackElo "1915"]
[PlyCount "29"]
[EventDate "2025.06.27"]
[EventType "swiss"]
[EventRounds "5"]
[EventCountry "ENG"]
[SourceTitle "BritBase"]
[Source "John Saunders"]
[SourceDate "2025.07.10"]
[SourceVersion "1"]
[SourceVersionDate "2025.07.10"]
[SourceQuality "1"]

1. e4 c5 2. Be2 Nc6 3. d3 d5 4. f4 dxe4 5. dxe4 Qxd1+ 6. Bxd1 e5 7. Nc3 Bd6 8. Be3 b6 9. fxe5 Bxe5 10. Bf3 Bxc3+ 11. bxc3 Nge7 12. Ne2 Ne5 13. Nf4 Nxf3+ 14. gxf3 Ba6 15. a4 1/2-1/2

[Event "Crewe Open"]
[Site "Crewe"]
[Date "2025.06.29"]
[Round "5.12"]
[White "Anjulan, Ashwin"]
[Black "Larchikov, Maksym"]
[Result "1/2-1/2"]
[WhiteElo "1826"]
[BlackElo "2032"]
[PlyCount "45"]
[EventDate "2025.06.27"]
[EventType "swiss"]
[EventRounds "5"]
[EventCountry "ENG"]
[SourceTitle "BritBase"]
[Source "John Saunders"]
[SourceDate "2025.07.10"]
[SourceVersion "1"]
[SourceVersionDate "2025.07.10"]
[SourceQuality "1"]

1. e4 c6 2. d4 d5 3. exd5 cxd5 4. Bd3 Nc6 5. c3 Nf6 6. Bf4 Bg4 7. Qb3 Qd7 8. Nd2 e6 9. Ngf3 Bxf3 10. Nxf3 Bd6 11. Bxd6 Qxd6 12. O-O O-O 13. Rae1 Nd7 14. Qc2 g6 15. Qe2 Rae8 16. Ne5 f5 17. Nxd7 Qxd7 18. f4 Re7 19. Bb5 Rff7 20. Rf3 Rf8 21. Re3 Rfe8 22. Bxc6 Qxc6 23. Re5 1/2-1/2

[Event "Crewe Open"]
[Site "Crewe"]
[Date "2025.06.29"]
[Round "5.13"]
[White "Hariharan, Shambavi"]
[Black "Turner, Lewis A"]
[Result "1-0"]
[WhiteElo "1936"]
[BlackElo "1996"]
[PlyCount "35"]
[EventDate "2025.06.27"]
[EventType "swiss"]
[EventRounds "5"]
[EventCountry "ENG"]
[SourceTitle "BritBase"]
[Source "John Saunders"]
[SourceDate "2025.07.10"]
[SourceVersion "1"]
[SourceVersionDate "2025.07.10"]
[SourceQuality "1"]

1. d4 Nf6 2. c4 g6 3. g3 Bg7 4. Bg2 O-O 5. Nc3 c5 6. d5 d6 7. Nf3 e6 8. O-O exd5 9. cxd5 Na6 10. Nd2 Nc7 11. a4 Rb8 12. Nc4 b5 13. axb5 Nxb5 14. Nxb5 Rxb5 15. Rxa7 Rb4 16. b3 Re8 17. Bd2 Rb5 18. Ba5 1-0

[Event "Crewe Open"]
[Site "Crewe"]
[Date "2025.06.29"]
[Round "5.14"]
[White "Ackley, Peter JE"]
[Black "Woozeer, Seth"]
[Result "1/2-1/2"]
[WhiteElo "1976"]
[BlackElo "1711"]
[PlyCount "39"]
[EventDate "2025.06.27"]
[EventType "swiss"]
[EventRounds "5"]
[EventCountry "ENG"]
[SourceTitle "BritBase"]
[Source "John Saunders"]
[SourceDate "2025.07.10"]
[SourceVersion "1"]
[SourceVersionDate "2025.07.10"]
[SourceQuality "1"]

1. g3 g6 2. Bg2 Bg7 3. f4 c5 4. Nf3 Nf6 5. O-O O-O 6. d3 Nc6 7. a4 d6 8. e4 Bd7 9. h3 a6 10. Nc3 Rb8 11. Be3 b5 12. axb5 axb5 13. Ne2 Ra8 14. Qd2 Qc7 15. g4 Qb7 16. f5 Rxa1 17. Rxa1 Ra8 18. Qc1 Nb4 19. Ne1 Bc6 20. Qd1 1/2-1/2

[Event "Crewe Open"]
[Site "Crewe"]
[Date "2025.06.29"]
[Round "5.15"]
[White "Cook, Michael Anthony"]
[Black "Zachariassen, Bjarne"]
[Result "1/2-1/2"]
[WhiteElo "1911"]
[BlackElo "1945"]
[PlyCount "83"]
[EventDate "2025.06.27"]
[EventType "swiss"]
[EventRounds "5"]
[EventCountry "ENG"]
[SourceTitle "BritBase"]
[Source "John Saunders"]
[SourceDate "2025.07.10"]
[SourceVersion "1"]
[SourceVersionDate "2025.07.10"]
[SourceQuality "1"]

1. e4 c5 2. Nf3 Nc6 3. d4 cxd4 4. Nxd4 e5 5. Nb5 h6 6. N1c3 Nf6 7. Nd6+ Bxd6 8. Qxd6 Qe7 9. Qxe7+ Kxe7 10. b3 d6 11. Ba3 a6 12. O-O-O Rd8 13. Nd5+ Nxd5 14. exd5 Nb8 15. c4 b6 16. Re1 Nd7 17. f4 f6 18. Bd3 a5 19. Rhf1 Rf8 20. fxe5 Nxe5 21. Rxe5+ fxe5 22. Bxd6+ Kxd6 23. Rxf8 Ke7 24. Rg8 Kf7 25. Rh8 Bb7 26. Rxa8 Bxa8 27. Kd2 Bb7 28. a3 Ke7 29. b4 axb4 30. axb4 Kd6 31. Be4 Bc8 32. h3 g5 33. Ke3 Bd7 34. Kd3 h5 35. Ke3 Ba4 36. Bd3 Be8 37. Bc2 Bf7 38. Bb3 Bg6 39. Ba4 Bf7 40. Bc2 Be8 41. Bb3 Bg6 42. Ba4 1/2-1/2

[Event "Crewe Open"]
[Site "Crewe"]
[Date "2025.06.29"]
[Round "5.16"]
[White "De Coverly, Roger D"]
[Black "Shivakumar, Akshath"]
[Result "1/2-1/2"]
[WhiteElo "1937"]
[BlackElo "1838"]
[PlyCount "106"]
[EventDate "2025.06.27"]
[EventType "swiss"]
[EventRounds "5"]
[EventCountry "ENG"]
[SourceTitle "BritBase"]
[Source "John Saunders"]
[SourceDate "2025.07.10"]
[SourceVersion "1"]
[SourceVersionDate "2025.07.10"]
[SourceQuality "1"]

1. e4 c5 2. Nf3 Nc6 3. g3 g6 4. Bg2 Bg7 5. O-O d6 6. d3 e5 7. c3 Nge7 8. a3 O-O 9. b4 h6 10. Nbd2 f5 11. exf5 Bxf5 12. Ne4 cxb4 13. axb4 d5 14. Nc5 b6 15. Nb3 Kh7 16. Re1 Rc8 17. b5 Na5 18. Nxa5 bxa5 19. Nxe5 Qc7 20. d4 Qxc3 21. Ba3 Rfe8 22. Bd6 Bc2 23. Qg4 Bf5 24. Qf4 g5 25. Qe3 Qxe3 26. Rxe3 Be4 27. Bxe7 Bxe5 28. Bxe4+ dxe4 29. dxe5 Rxe7 30. Rxe4 Rc5 31. Rxa5 a6 32. Rxa6 Rxb5 33. f4 g4 34. Kf2 Rb2+ 35. Re2 Rb3 36. Kg2 Rf3 37. Rea2 Rc3 38. Ra7 Rxa7 39. Rxa7+ Kg6 40. Ra6+ Kg7 41. f5 h5 42. Ra7+ Kg8 43. f6 Rc2+ 44. Kg1 Re2 45. Re7 Kf8 46. e6 Re4 47. Rf7+ Ke8 48. Rh7 Rxe6 49. Rxh5 Kf7 50. Rg5 Re4 51. Rf5 Rb4 52. Kf2 Re4 53. Kg2 Re2+ 1/2-1/2

[Event "Crewe Open"]
[Site "Crewe"]
[Date "2025.06.29"]
[Round "5.17"]
[White "Om Reddy Jayar"]
[Black "Duxbury, Craig"]
[Result "1-0"]
[WhiteElo "1614"]
[BlackElo "2261"]
[PlyCount "39"]
[EventDate "2025.06.27"]
[EventType "swiss"]
[EventRounds "5"]
[EventCountry "ENG"]
[SourceTitle "BritBase"]
[Source "John Saunders"]
[SourceDate "2025.07.10"]
[SourceVersion "1"]
[SourceVersionDate "2025.07.10"]
[SourceQuality "1"]

1. c4 Nf6 2. Nc3 g6 3. g3 Bg7 4. Bg2 O-O 5. e4 Nc6 6. Nge2 d6 7. O-O Nd7 8. d3 f5 9. f4 Nd4 10. Be3 c5 11. Rb1 Nb8 12. b4 Nbc6 13. bxc5 dxc5 14. e5 e6 15. Nb5 Rf7 16. Nd6 Rd7 17. Nxd4 Nxd4 18. Bxd4 Rxd6 19. Bxc5 Rxd3 20. Qe2 1-0

[Event "Crewe Open"]
[Site "Crewe"]
[Date "2025.06.29"]
[Round "5.18"]
[White "Burnett, James"]
[Black "Mize, Dylan"]
[Result "1/2-1/2"]
[WhiteElo "2080"]
[BlackElo "1794"]
[PlyCount "158"]
[EventDate "2025.06.27"]
[EventType "swiss"]
[EventRounds "5"]
[EventCountry "ENG"]
[SourceTitle "BritBase"]
[Source "John Saunders"]
[SourceDate "2025.07.10"]
[SourceVersion "1"]
[SourceVersionDate "2025.07.10"]
[SourceQuality "1"]

1. d4 Nf6 2. c4 e6 3. Nf3 Bb4+ 4. Bd2 Qe7 5. Qc2 Bxd2+ 6. Nbxd2 d6 7. e3 O-O 8. Be2 b6 9. O-O Bb7 10. b4 c5 11. bxc5 dxc5 12. Rfd1 Nc6 13. Nb3 cxd4 14. exd4 Rac8 15. Qb2 Rfd8 16. Rac1 a5 17. Rb1 Rb8 18. Na1 Ba8 19. Nc2 Nh5 20. Qc1 Qf6 21. Qe3 Nf4 22. Bf1 Ne7 23. Nce1 h5 24. g3 Nfg6 25. Bg2 Nf5 26. Qc3 Nge7 27. Ne5 Bxg2 28. Kxg2 Rbc8 29. N1f3 Rd6 30. Qa1 Rcd8 31. c5 bxc5 32. dxc5 Rxd1 33. Rxd1 Rxd1 34. Qxd1 Nd5 35. Qa4 Qd8 36. Nc4 Nc3 37. Qxa5 Qxa5 38. Nxa5 Nxa2 39. Ne5 Kf8 40. Kf3 Nc3 41. h3 f6 42. Nd7+ Ke7 43. Nb6 Kd8 44. g4 hxg4+ 45. hxg4 Ne7 46. Ke3 Kc7 47. Kd4 Nb5+ 48. Kc4 Na7 49. Na4 Ng6 50. Kd4 Ne5 51. g5 Nf3+ 52. Ke3 Nxg5 53. f4 Nf7 54. Nc3 Nd8 55. Ne4 Nb5 56. Ng3 Nc6 57. Nxc6 Kxc6 58. Nh5 Kxc5 59. Nxg7 Kd5 60. Nh5 f5 61. Nf6+ Kd6 62. Kf3 Nc3 63. Ne8+ Ke7 64. Ng7 Kf7 65. Nh5 Ne4 66. Ng3 Nxg3 67. Kxg3 Kg6 68. Kh3 Kh5 69. Kg3 Kg6 70. Kf3 Kf6 71. Ke3 Ke7 72. Kd3 Kd7 73. Kc3 Kc7 74. Kd3 Kd7 75. Kc3 e5 76. fxe5 Ke6 77. Kd4 f4 78. Ke4 f3 79. Kxf3 Kxe5 1/2-1/2

[Event "Crewe Open"]
[Site "Crewe"]
[Date "2025.06.29"]
[Round "5.19"]
[White "Sullivan, Daniel"]
[Black "Doran, Chris"]
[Result "1/2-1/2"]
[WhiteElo "1909"]
[BlackElo "1975"]
[PlyCount "59"]
[EventDate "2025.06.27"]
[EventType "swiss"]
[EventRounds "5"]
[EventCountry "ENG"]
[SourceTitle "BritBase"]
[Source "John Saunders"]
[SourceDate "2025.07.10"]
[SourceVersion "1"]
[SourceVersionDate "2025.07.10"]
[SourceQuality "1"]

1. c4 Nf6 2. Nf3 g6 3. Nc3 Bg7 4. e4 d6 5. d4 O-O 6. Be2 e5 7. O-O Nc6 8. d5 Ne7 9. b4 Ne8 10. a4 f5 11. a5 Nf6 12. Ra3 f4 13. c5 h5 14. a6 b6 15. cxb6 cxb6 16. Ng5 Nh7 17. Ne6 Bxe6 18. dxe6 Ng5 19. Bc4 Rc8 20. Qd3 Kh8 21. h4 Nh7 22. Nb5 Nc6 23. Nxd6 Qxh4 24. Qh3 Qxh3 25. gxh3 Rc7 26. Nf7+ Kg8 27. e7 Nxe7 28. Nxe5+ Kh8 29. Nf7+ Kg8 30. Ne5+ 1/2-1/2